Michel célèbres - Statistiques

Statistiques générales
  • Ce quiz a été pris 1 400 fois
  • Le résultat moyen est 8 sur 14
Statistiques - réponses
Description Réponse % Correct
Auteur et interprète de La Maladie d'amour, En chantant ou encore Les Lacs du Connemara. Sardou
97%
Champion d'Europe de football en 1984 ainsi que triple Ballon d'or entre 1983 et 1985. Platini
87%
Figure emblématique du paysage audiovisuel français, animateur de l'émission Vivement dimanche. Drucker
82%
Auteur-compositeur-interprète des titres La Poupée qui fait non, On ira tous au paradis, Lettre à France ou encore Goodbye Marylou. Polnareff
79%
Mari de France Gall, auteur notamment de l'opéra-rock Starmania. Berger
75%
Auteur-compositeur-interprète des titres Pour un flirt, Chez Laurette, Wight is Wight ou encore Le Loir-et-Cher. Delpech
74%
Acteur ayant joué dans Le Gendarme de Saint-Tropez, La Cage aux folles ou encore Papy fait de la résistance. Galabru
67%
Compositeur des musiques Attention mesdames et messieurs, Fais comme l'oiseau et Une belle histoire. Fugain
64%
Philosophe et écrivain du XVIème siècle connu pour ses Essais, genre littéraire dont il est l'un des créateurs. de Montaigne
50%
Réalisateur des comédies d'espionnage françaises OSS 117 ainsi que de The Artist, film pour lequel il a reçu l'Oscar de la meilleure réalisation. Hazanavicius
46%
Rédacteur de la Constitution de la Vème République Française et Premier Ministre de Charles de Gaulle. Debré
44%
Écrivain et essayiste français ayant reçu le prix Goncourt en 2010 pour La Carte et le Territoire, auteur par ailleurs de Plateforme et Les Particules élémentaires. Houellebecq
28%
Général Napoléonien, héros de la Bérézina et de la bataille de Borodino, surnommé "le Brave des Braves" et connu pour sa phrase "Venez voir comment meurt un maréchal de France !". Ney
24%
Philosophe français du XXème siècle associé dans un premier temps au courant de pensée du structuralisme pour ensuite adhérer à la philosophie poststructuraliste. Auteur en sciences humaines le plus cité au monde dans des ouvrages scientifiques. Foucault
20%
Aucun quiz correspondant
Distribution des résultats
% des personnes avec chaque résultat
Percentile par nombre de réponses
Votre historique - résultats
Vous n’avez pas pris ce quiz